000 01094nam a22002177a 4500
999 _c57160
_d57160
003 Ge_BSU
005 20191209160012.0
008 191209s2019 ge ||||| |||| 00| 0 geo d
020 _a9789941485541
041 _ageo
080 _a821.353.1-94 გ-14
100 _aგაგუა, ოთარ.
_95227
245 _aსიცოცხლისა და სიკეთის მსახური :
_bდაუთ ასამბაძე /
_cოთარ გაგუა ; რედ. ავთანდილ ბერიძე.
264 _aთბილისი :
_bმწიგნობარი,
_c2019.
300 _a154 გვ .:
_c20 სმ.
500 _aწიგგნი ეძღვნება 1989 წლის 9 აპრილს დაღუპულ გმირთა ხსოვნას
600 _aდაუთ ასამბაძე
_95733
653 _aქართველი მოღვაწე დაუთ ასამბაძე
700 _aბერიძე, ავთანდილ
_eრედაქტორი
_95734
942 _2udc
_cBK